[Event "Guimaraes op"]
[Site "Guimaraes"]
[Date "2021.08.24"]
[Round "1"]
[White "Garcia Hernandez, Angel"]
[Black "Niemann, Hans Moke"]
[Result "0-1"]
[WhiteElo "1843"]
[BlackElo "2606"]
[PlyCount "38"]
[EventDate "2021.08.24"]
[EventType "swiss"]
[EventRounds "9"]
[EventCountry "POR"]
[SourceTitle "CBM 204 Extra"]
[Source "ChessBase"]
[SourceDate "2021.11.30"]
[SourceVersion "1"]
[SourceVersionDate "2021.11.30"]
[SourceQuality "1"]

1. d4 Nf6 2. Bf4 d5 3. e3 c5 4. c3 Qb6 5. Qb3 Nc6 6. Nf3 c4 7. Qxb6 axb6 8. Na3 Ra5 9. Bc7 e6 10. Bxb6 Ra6 11. Bc5 Bxc5 12. dxc5 Ne4 13. Nb5 Ke7 14. Nbd4 Nxc5 15. b3 Nxd4 16. Nxd4 e5 17. bxc4 exd4 18. cxd5 d3 19. a3 Bd7 0-1